000 00593nam a22001937a 4500
003 OSt
005 20251120171755.0
008 251120b |||||||| |||| 00| 0 eng d
020 _a978-971-23-3681-2
040 _aDWC-Main lib.
_cOC
082 _aFil. 499.211 Sa59m 2003
100 _aSantiago, Alfonso O.
245 _aMakabagong balarilang Filipino/
_cAlfonso O. Santiago
260 _aManila :
_bRex Book Store,
_cc2003.
300 _axiii, 287 pages ;
_c22 cm.
504 _aIndex: pp. 273-276
760 _bbinagong edisyon.
942 _2ddc
_cBK - FIL
_ebinagong edisyon.
_hFil.
_n0
999 _c5931
_d5931